000 00690nam a22002177a 4500
003 UA-OsUOA
001 119172
007 ta
008 20161010b un ||||| |||| 00| 0 ukr d
100 _aЖулинський М.
090 _a94(477)
_bЖ87
942 _cSA
040 _aUA-OsUOA
_bukr
_cUA-OsUOA
_dUA-OsUOA
245 _aКороткі спалахи пам'яті буття. Вацлав Гавел: на останньому самодопиті. До 80-річчя від Дня народження
300 _aС.21
955 _a0
041 _aukr
080 _a94(477)
773 0 _w119171
650 7 _a9 Географія. Біографії. Історія
_2UDC
999 _c405064
_d405064